000 01164nam a2200265 i 4500
001 18304
003 DO-SdUEMH
005 20260108155426.0
007 ta
008 260108s2023 dr a|||gr|||| 00| 0dspa d
020 _a9789945644333
040 _aDO-SdUEMH
_bspa
_erda
041 _aspa
082 1 4 _mRD
_bE82
245 _aPlan estratégico nacional de salud 2023
264 1 _aSanto Domingo, República Dominicana :
_bServicios Gráficos Tito, EIRL,
_c2023
264 4 _c©2023
300 _a314 páginas :
_bilustraciones ;
_c30 cm.
336 _2rdacontent
_atexto
_btxt
337 _2rdamedia
_asin mediación
_bn
338 _2rdacarrier
_avolumen
_bnc
504 _aContiene Información Bibliográfica a Final de la Obra.
505 2 _aIntroducción síntesis del diagnóstico general del sector salud -- Proyectos estructurantes del eje de inclusión social, redes y servicios -- Proyectos estructurantes en gobernabilidad, gobernanza y articulación pública-privada y comunitaria -- Proyectos estructurantes en ambiente, gestión de riesgo y cambio climático -- Proyectos estructurantes en economía, financiamiento y salud.
942 _2ddc
_cBK
_n0
999 _c18304
_d18304